00613nam a2200193Ii 450000100060000000300090000600800410001502000150005604000330007104100080010408200170011210000310012924500810016026400850024130000120032633600260033833700280036433800270039219322CO-ViMGA241108s9999||||xx |||||||||||||| ||und|| a9589235174 aCO-ViMGAbspaerdacCO-ViMGA0 aspa04aCo860.4 P37a1 aGabriel García Márquez10aAnálisis literario del amor y otros demonios :bGabriel García Márquez 1aBogotá, Colombia : Editorial Esquilo, [Fecha de publicación no identificada] avolumen atextbtxt2rdacontent aunmediatedbn2rdamedia avolumebnc2rdacarrier